Cavatine aus der oper Der Barbier von Sevilla /

Hlavní autor: Rossini, Gioacchino, 1792-1868
Jazyk: Němčina
Italština
Vydáno: Berlin : Schlesinger'sche Buch- und Musikhandlung (Rob. Lineau), [1900?]
Edice: Operngesänge
Fyzický popis: 1 partitura (7 s.)
Hudebniny Hudebniny
Uloženo v:
LEADER 00814ncm a22002412a 4500
001 001264927
003 CZ BrMZK
005 20150519151523.0
007 qu
008 121114s1900 gw |||||||||||||||||ger d
040 |a BOA001  |b cze 
041 0 |a ger  |a ita 
072 7 |a 784  |x Vokální hudba  |2 Konspekt  |9 9 
100 1 |a Rossini, Gioacchino,  |d 1792-1868  |7 jn19990007165  |4 cmp 
245 1 0 |a Cavatine  |h [hudebnina] :  |b aus der oper Der Barbier von Sevilla /  |c G. Rossini 
260 |a Berlin :  |b Schlesinger'sche Buch- und Musikhandlung (Rob. Lineau),  |c [1900?] 
300 |a 1 partitura (7 s.) 
490 1 |a Operngesänge ;  |v 167a 
830 0 |a Operngesänge 
910 |a BOA001  |b Mus4-0228.560 
990 |a MU 
991 |b 201211 
996 6 |b 2619493425  |c Mus4-0228.560  |l MZK  |r Sklad / do 1 hodiny  |n 0  |w 001298993  |u 000010  |a 1  |e BOA001  |j MZK50  |s P